000 00730nam a2200181 i 4500
001 bg
100 1 _aBALIŃSKA, Grażyna
245 0 _aUzdrowiska dolnośląskie :
_bproblemy rozwoju i ochrony wartości kulturowych do II wojny światowej /
_cG. Balińska.
260 _aWrocław,
_c1991.
490 1 _aPrace Naukowe Instytutu Historii Architektury, Sztuki i Techniki Politechniki Wrocławskiej. Monografie ;
_v13
500 _aNumeracja ser. gł. : 25.
830 0 _aPrace Naukowe Instytutu Historii Architektury, Sztuki i Techniki Politechniki Wrocławskiej.
_pMonografie ;
_v13
040 _cBPK
041 _apol
080 _a725.5:711.1:614.2(438+430)"18/19"
942 _cKS
008 s pl f |000 0 pol
999 _c29486
_d29486
856 _uhttp://koha.tu.koszalin.pl/cgi-bin/koha/opac-detail.pl?biblionumber=29486
_yKatalog online BPK